UM Logo

Factors for non-jewish consumers' kosher food choice : (Record no. 21025)

MARC details
000 -LEADER
fixed length control field 00909nam a22001937a 4500
005 - DATE AND TIME OF LATEST TRANSACTION
control field 20250828190004.0
008 - FIXED-LENGTH DATA ELEMENTS--GENERAL INFORMATION
fixed length control field 240829b ||||| |||| 00| 0 eng d
082 ## - DEWEY DECIMAL CLASSIFICATION NUMBER
Classification number DPer 647.95 J826 January-December 2019 v. 22 n. 1-6
100 ## - MAIN ENTRY--PERSONAL NAME
Personal name Jeong, EunHa.
Relator term author.
9 (RLIN) 59349
245 ## - TITLE STATEMENT
Title Factors for non-jewish consumers' kosher food choice :
Remainder of title an investigation of the food quality perception /
Statement of responsibility, etc. EunHa Jeing, Qian Yang, SoJung Less, and Robert Bosselman.
260 ## - PUBLICATION, DISTRIBUTION, ETC. (IMPRINT)
Place of publication, distribution, etc. Philadelphia ;
Name of publisher, distributor, etc. Taylor & Francis Group ,
Date of publication, distribution, etc. November-December 2019.
300 ## - PHYSICAL DESCRIPTION
Extent Volume 22, pages 529-548 :
Other physical details illustration ;
Dimensions 26 cm.
500 ## - GENERAL NOTE
General note Journal of Foodservice Business Research, vol. 22, no. 6, pages 529-548, November-December 2019.
700 ## - ADDED ENTRY--PERSONAL NAME
Personal name Jeong, EunHa.
Relator term author.
9 (RLIN) 49483
700 ## - ADDED ENTRY--PERSONAL NAME
Personal name Yang, Qian.
Relator term author.
9 (RLIN) 59350
700 ## - ADDED ENTRY--PERSONAL NAME
Personal name Less, SoJung.
Relator term author.
9 (RLIN) 59351
700 ## - ADDED ENTRY--PERSONAL NAME
Personal name Bosselman, Robert.
Relator term author.
9 (RLIN) 59352
942 ## - ADDED ENTRY ELEMENTS (KOHA)
Source of classification or shelving scheme Dewey Decimal Classification
Koha item type Periodicals
Holdings
Withdrawn status Lost status Source of classification or shelving scheme Damaged status Not for loan Collection code Home library Current library Date acquired Total Checkouts Date last seen Price effective from Koha item type Public note
    Dewey Decimal Classification     Periodicals UM Digos College - LIC UM Digos College - LIC 08/29/2024   08/29/2024 08/29/2024 Filipiniana Periodical Article